| 000 | 00000nam 2200000zi 4500 |
| 001 | 9.805116 |
| 003 | CaOODSP |
| 005 | 20250318083431 |
| 006 | m o d f |
| 007 | cr cn||||||||| |
| 008 | 151028t20172017oncabdo obf f000 0 eng d |
| 020 | |a9780660036755|z0660036748 |
| 040 | |aCaOODSP|beng|erda|cCaOODSP |
| 043 | |an-cn--- |
| 086 | 1 |aNR24-28/1-2015E-PDF|zNR24-28/1-2015E |
| 245 | 00|aStructural commentaries (user’s guide – NBC 2015 : |bpart 4 of division B) / |cissued by the Canadian Commission on Building and Fire Codes, National Research Council of Canada. |
| 250 | |aFourth edition. |
| 264 | 1|aOttawa : |bNational Research Council of Canada, |c2017. |
| 264 | 4|c©2017 |
| 300 | |a1 online ressource (1 volume (various pagings)) : |billustrations, maps, graphs, photographs |
| 336 | |atext|btxt|2rdacontent |
| 337 | |acomputer|bc|2rdamedia |
| 338 | |aonline resource|bcr|2rdacarrier |
| 500 | |aCover title. |
| 500 | |aIssued also in French under title: Commentaires sur le calcul des structures (guide de l'utilisateur – CNB 2015 : partie 4 de la division B). |
| 500 | |aDigitized edition from print [produced by National Research Council of Canada]. |
| 500 | |a"First edition 1996, second edition 2006, third edition 2011." |
| 504 | |aIncludes bibliographical references. |
| 520 | |a"The Commentaries presented herein serve to provide designers with detailed design information that will assist them in the application of Part 4 of Division B of the National Building Code of Canada (NBC) 2015. They contain background information and suggested approaches to certain design issues; their provisions are not mandatory requirements of the NBC. The information set forth in these Commentaries does not cover all conditions and types of structures that occur in practice. For unusual types of structures, specialized information, such as theoretical studies, model tests or wind tunnel experiments, may be required to provide adequate design values. It should also be noted that new information can become available at any time. As such, designers are encouraged to obtain the latest and most appropriate design information available. The Commentaries were updated by the 2010–2015 and 2015–2020 Standing Committees on Structural Design and Earthquake Design of the Canadian Commission on Building and Fire Codes to reflect technical changes made to Part 4 of the NBC 2015"--Introduction, page v. |
| 530 | |aIssued also in printed form. |
| 650 | 0|aBuilding laws|zCanada. |
| 650 | 0|aBuildings|xStandards|zCanada. |
| 650 | 0|aStructural design|vHandbooks, manuals, etc. |
| 655 | 7|aHandbooks and manuals|2lcgft |
| 710 | 2 |aCanadian Commission on Building and Fire Codes, |eissuing body. |
| 775 | 08|tCommentaires sur le calcul des structures (guide de l'utilisateur – CNB 2015 : |w(CaOODSP)9.805118 |
| 776 | 0#|tUser's guide - NBC 2015 |w(CaOODSP)9.805115 |
| 794 | |tStructural commentaries (user's guide – NBC 2020 : |bFifth edition, First printing.|w(CaOODSP)9.938506 |
| 856 | 40|qPDF|s9.37 MB|uhttps://publications.gc.ca/collections/collection_2025/cnrc-nrc/NR24-28-1-2015-eng.pdf |
| 986 | |aNRCC 56194 |